| 000 | 00766nam a22002417a 4500 | ||
|---|---|---|---|
| 001 | 3469 | ||
| 003 | FISKH | ||
| 005 | 20240307154032.0 | ||
| 008 | 240307b cb ||||| |||| 00| 0 eng d | ||
| 040 |
_aFISK _beng _cFISK _dFISK |
||
| 050 | _aPZ7.G881325 | ||
| 082 | _a813.54 | ||
| 100 |
_aGriffin Adele _d1970- |
||
| 245 |
_aVampire island / _cAdele Griffin |
||
| 260 |
_aNew York : _bScholastic, _c2009 |
||
| 300 |
_a12o pages : _c20 cm |
||
| 505 | _aM | ||
| 520 | _aSiblings Maddy, Lexie, and Hudson Livingstone, who are vampire-fruit bat hybrids, struggle to adjust to living as humans in New York City while maintaining their individual vampire strengths. | ||
| 521 | 8 |
_a800 _bM |
|
| 700 | _aAdele Griffin | ||
| 942 |
_2ddc _cBK _n0 |
||
| 999 |
_c3469 _d3469 |
||